000 00575nam a22001817a 4500
005 20251108173219.0
008 250721s2005 xx 000 0 ara d
082 1 4 _aط/551.51/دائ
245 1 0 _aموسوعة الطاقة المبسطة : الرياح /
264 1 _aبيروت :
_bمكتبة لبنان،
_c2005.
300 _a32ص
650 1 7 _aالطاقة
650 1 7 _aالرياح
653 _aمرحلة ناشؤون صغار (10-14) سنة
710 2 _aدائرة الترجمة و النشر -مكتبة لبنان
942 _2ddc
_cBK
999 _c98711
_d98711